| 000 | 00688cam a2200253 4500500 | ||
|---|---|---|---|
| 005 | 20260329002925.0 | ||
| 041 | _afre | ||
| 042 | _adc | ||
| 100 | 1 | 0 |
_aDuru, Martin _eauthor |
| 245 | 0 | 0 | _aLa cause des bĂȘtes |
| 260 | _c2014. | ||
| 500 | _a53 | ||
| 690 | _aAbolitionnistes | ||
| 690 | _aAnimaux | ||
| 690 | _aBĂȘte | ||
| 690 | _aCare | ||
| 690 | _aGary Francione | ||
| 690 | _aMartha Nussbaum | ||
| 690 | _aPeter Singer | ||
| 690 | _aTom Regan | ||
| 690 | _aWelfarisme | ||
| 786 | 0 | _nPhilosophie magazine | 77 | 3 | 2014-03-01 | p. 41-42 | 1951-1787 | |
| 856 | 4 | 1 | _uhttps://shs.cairn.info/magazine-philosophie-magazine-2014-3-page-41?lang=fr&redirect-ssocas=7080 |
| 999 |
_c1819703 _d1819703 |
||